Central Library OPAC University of Rajshahi

Warranty data collection and analysis / (Record no. 86392)

MARC details
000 -LEADER
fixed length control field 01308nam a2200385 a 4500
001 - CONTROL NUMBER
control field 86392
003 - CONTROL NUMBER IDENTIFIER
rucl marc code BD-RjUL
005 - DATE AND TIME OF LATEST TRANSACTION
control field 20260428121001.0
008 - FIXED-LENGTH DATA ELEMENTS--GENERAL INFORMATION
fixed length control field 260428s2011 enka b 001 0 eng d
020 ## - INTERNATIONAL STANDARD BOOK NUMBER
International Standard Book Number 9780857296467
International Standard Book Number 0857296469
Canceled/invalid ISBN 9780857296474 (electronic bk)
035 ## - SYSTEM CONTROL NUMBER
System control number (BD-RjUL)86392
040 ## - CATALOGING SOURCE
Original cataloging agency BTCTA
Language of cataloging eng
Transcribing agency BTCTA
Modifying agency YDXCP
-- DLC
-- BD-RjUL
041 ## - LANGUAGE CODE
Language code of text/sound track or separate title eng
042 ## - AUTHENTICATION CODE
Authentication code lccopycat
082 04 - DEWEY DECIMAL CLASSIFICATION NUMBER
Edition number 23
Classification number 620.00452
Author mark and year BLW 2011
100 ## - MAIN ENTRY--PERSONAL NAME
Personal name Blischke, W. R.
9 (RLIN) 18204
245 00 - TITLE STATEMENT
Title Warranty data collection and analysis /
Statement of responsibility, etc. Wallace R. Blischke, M. Rezaul Karim, D.N. Prabhakar Murthy.
260 ## - PUBLICATION, DISTRIBUTION, ETC. (IMPRINT)
Place of publication, distribution, etc. London ;
-- New York :
Name of publisher, distributor, etc. Springer Verlag,
Date of publication, distribution, etc. c2011.
300 ## - PHYSICAL DESCRIPTION
Pagination xxiv, 589 p. :
Illustrations ill. ;
Size 24 cm.
336 ## - CONTENT TYPE
Content type term text
Content type code txt
Source rdacontent
337 ## - MEDIA TYPE
Media type term unmediated
Media type code n
Source rdamedia
338 ## - CARRIER TYPE
Carrier type term volume
Carrier type code nc
Source rdacarrier
490 1# - SERIES STATEMENT
Series statement Springer series in reliability engineering,
504 ## - BIBLIOGRAPHY, ETC. NOTE
Bibliography, etc Includes bibliographical references and index.
650 #0 - SUBJECT ADDED ENTRY--TOPICAL TERM
Topical term or geographic name as entry element Quality of products.
9 (RLIN) 18205
Topical term or geographic name as entry element Products liability.
9 (RLIN) 18206
Topical term or geographic name as entry element Warranty.
9 (RLIN) 18207
700 1# - ADDED ENTRY--PERSONAL NAME
Personal name Blischke, W. R.,
Dates associated with a name 1934-
Personal name Karim, M. Rezaul.
Personal name Murthy, D. N. P.
830 #0 - SERIES ADDED ENTRY--UNIFORM TITLE
Uniform title Springer series in reliability engineering.
942 ## - ADDED ENTRY ELEMENTS (KOHA)
Source of classification or shelving scheme Dewey Decimal Classification
Koha item type Books
Holdings
Lost status Source of classification or shelving scheme Damaged status Not for loan Collection code Permanent Location Current Location Shelving location Date acquired Source of acquisition Cost, normal purchase price Total Checkouts Full call number Date last seen Copy number Koha item type
  Dewey Decimal Classification   Not For Loan Non-fiction Central Library, University of Rajshahi Central Library, University of Rajshahi Reading Room 23/04/2026 Ahsania Mission Book Dis. 15999.00   620.00452 BLW 2011 28/04/2026 C-1 Books